Testing of rubber. Sampling and preparation of specimens of raw rubber. Sampling of raw rubber in bales. (Record no. 73336)

MARC details
000 -LEADER
fixed length control field 00394nam a2200133Ia 4500
245 #0 - TITLE STATEMENT
Title Testing of rubber. Sampling and preparation of specimens of raw rubber. Sampling of raw rubber in bales.
260 ## - PUBLICATION, DISTRIBUTION, ETC. (IMPRINT)
Year of publication 1974
500 ## - GENERAL NOTE
General note Standard number: DIN 53 525 Part 1
650 ## - SUBJECT ADDED ENTRY--TOPICAL TERM
Topical Term Bales
650 ## - SUBJECT ADDED ENTRY--TOPICAL TERM
Topical Term Raw rubber
650 ## - SUBJECT ADDED ENTRY--TOPICAL TERM
Topical Term Sampling
942 ## - ADDED ENTRY ELEMENTS (KOHA)
Koha item type Standards
Holdings
Withdrawn status Lost status Damaged status Not for loan Collection code Home library Current library Date acquired Koha item type
      Standards DIN standards/German Standards RRII Library RRII Library 31/12/2021 Standards